| 000 | 00429nam a22001697a 4500 | ||
|---|---|---|---|
| 003 | NUST - PNEC | ||
| 005 | 20170116180952.0 | ||
| 008 | 150908b xxu||||| |||| 00| 0 eng d | ||
| 020 | _a0835970523 | ||
| 040 | _cLIBRARY | ||
| 082 | _a621.381534 BEL | ||
| 100 |
_99191 _aDavid A.B. |
||
| 245 |
_aSolis state pulse circuits _cDavid A.B. |
||
| 260 | _cc.1988 | ||
| 650 |
_99189 _bElectrical engineering _xEL, EE |
||
| 942 |
_2ddc _cBK |
||
| 999 |
_c66452 _d66452 |
||